[Event "20th Iraklio Open 2017"]
[Site "Athens"]
[Date "2017.06.18"]
[Round "2"]
[White "Nikolaidis, Ioannis"]
[Black "Koutourinis, Apostolos"]
[Result "1-0"]
[WhiteElo "2561"]
[BlackElo "2041"]
[Annotator "TA"]
[PlyCount "83"]
[EventDate "2017.??.??"]
[EventType "swiss"]
[EventCountry "GRE"]
[SourceTitle "playchess.com"]
[Source "ChessBase"]
[SourceQuality "1"]

{[%evp 28,83,45,61,72,62,100,93,100,94,146,134,137,132,140,143,148,151,146,149,158,168,225,220,230,176,261,231,320,227,310,208,290,294,285,283,349,313,659,586,579,520,560,551,828,822,1231,1198,1628,1594,1477,1457,6598,1153,1010,1087,1064,1051]} 1. d4 Nf6 2. c4 g6 3. Nc3 Bg7 4. e4 d6 5. Bg5 O-O 6. Qd2 c5 7. d5 a6 8. a4 Qa5 9. f3 e6 10. Nge2 exd5 11. cxd5 Re8 12. Ng3 b5 13. Be2 Nbd7 14. O-O b4 15. Nd1 {LiveBook: 17 Games} Bb7 {A65: Modern Benoni: 6 e4} (15... Qc7 16. a5 Ne5 17. Kh1 Rb8 18. Ne3 c4 19. Bxc4 Nxc4 20. Qc1 Bd7 21. Qxc4 Rec8 22. Rfc1 Ne8 23. Qxc7 Rxc7 24. Rxc7 Nxc7 {1-0 (61) Cardelli,G (2443)-Papenin,N (2733) ICCF email 2011}) 16. Bh6 Bh8 17. Ne3 Qc7 $146 {White is better.} ({Predecessor:} 17... Ne5 18. f4 Ned7 19. Nc4 {0-1 (41) Quintin Navarro,A (2139)-Segarra Martinez,A (1956) Linares 2010}) 18. a5 Ra7 ({Black should play} 18... Bc8) 19. Kh1 Bc8 20. h3 Qb8 21. Bd1 Nf8 22. Nc4 Rd8 23. Ba4 Bd7 24. Bxd7 $1 N6xd7 {[#]} (24... N8xd7 $142 25. Nf5 Nf8) 25. f4 $1 $18 Nf6 {[%cal Bd7f6,Bf6e8,Be8c7,Bc7b5,Bb5d4][%mdl 32]} 26. b3 Re7 (26... Ne8 $142) 27. Rae1 Qb7 28. Qd3 Ne8 29. Qf3 Nc7 30. e5 Nb5 31. Bg5 Nd4 32. Qg4 f6 $2 (32... dxe5 33. d6 (33. fxe5 Rxd5 34. Nd6 Rxd6 $18) 33... Ree8) 33. exf6 {White is clearly winning.} Rf7 34. Ne3 Bxf6 35. f5 Bxg5 36. Qxg5 Re8 37. Ng4 Rxe1 38. Nh6+ Kh8 39. Rxe1 Qxd5 40. Nxf7+ (40. Re7 $142 Rxe7 41. Qxe7 Nd7 42. f6 Ne6 43. Qxd7 Qa8 44. Qxe6 Qf8 45. Ne4 g5 46. Nxg5 d5 {[#]} 47. Qc8 $1 {[%mdl 512]} Qxc8 48. Ngf7#) 40... Qxf7 41. Re7 Nde6 42. fxe6 {Precision: White = 76%, Black = 26%.} 1-0

[Event "20th Iraklio Open 2017"]
[Site "Athens"]
[Date "2017.06.18"]
[Round "2"]
[White "Georgiev, Krum"]
[Black "Galanos, Dimitrios"]
[Result "1-0"]
[WhiteElo "2357"]
[BlackElo "1996"]
[Annotator "TA"]
[PlyCount "35"]
[EventDate "2017.??.??"]
[EventType "swiss"]
[EventCountry "GRE"]
[SourceTitle "playchess.com"]
[Source "ChessBase"]
[SourceQuality "1"]

{[%evp 9,35,5,37,16,22,8,12,13,16,14,83,76,106,96,106,84,103,102,97,106,106,106,129,133,121,122,404,405]} 1. e4 c5 2. Nf3 e6 3. b3 Nc6 4. Bb2 Nge7 5. g3 (5. d4 cxd4 6. Nxd4 Nxd4 7. Qxd4 Nc6 8. Qe3 Bb4+ 9. Nc3 Qe7 10. Be2 O-O 11. O-O a6 12. Rad1 b5 {1-0 (50) Short,N (2684)-Nikitenko,M (2396) Minsk 2015}) 5... d6 $146 ({Predecessor:} 5... Ng6 6. Bg2 f6 7. O-O Be7 8. d4 cxd4 9. Nxd4 Nxd4 10. Qxd4 Qc7 11. c4 b6 12. Nc3 a6 {1-0 (50) Kogan,A (2534)-Collas,S (2352) Tarragona 2003}) 6. d4 {B40: Sicilian: 2...e6, Unusual lines} cxd4 7. Nxd4 Nxd4 8. Qxd4 {The position is equal.} Nc6 9. Qd2 Bd7 (9... d5 $11) 10. Bg2 $16 Qb6 11. O-O h5 12. Na3 Ne5 13. c4 h4 14. Rfd1 {Black must now prevent Bxe5.} hxg3 15. hxg3 {aiming for Bxe5.} Bc6 {[#]} 16. Nb5 $1 {[%mdl 512]} Bxb5 17. cxb5 Qxb5 $2 {[%mdl 8192] [#]} (17... Be7 $16) 18. a4 $1 {Precision: White = 77%, Black = 28%.} 1-0

[Event "20th Iraklio Open 2017"]
[Site "Athens"]
[Date "2017.06.18"]
[Round "2"]
[White "Spyropoulos, Nikolaos"]
[Black "Goutis, Panagiotis"]
[Result "1-0"]
[WhiteElo "2229"]
[BlackElo "1522"]
[Annotator "TA"]
[PlyCount "112"]
[EventDate "2017.??.??"]
[EventType "swiss"]
[EventCountry "GRE"]
[SourceTitle "playchess.com"]
[Source "ChessBase"]
[SourceQuality "1"]

{[%evp 13,112,0,0,-11,0,-3,0,-39,-45,-55,-27,-33,-11,-16,-16,-16,-17,-33,-10,-16,-13,-14,-14,-2,-5,-17,-4,-12,-7,-14,0,0,0,0,45,19,34,7,104,90,646,639,640,643,640,640,673,671,685,700,691,693,853,842,907,907,5693,1973,5689,5597,7921,7442,29970,29969,29971,6506,29966,12616,29977,29978,29978,29979,29977,29977,29988,29984,29984,29985,29985,29986,29986,29987,29987,29988,29988,29989,29989,29990,29990,29991,29991,29992,29992,29993,29994,29995,29995,29996,29996,29996,29997]} 1. d4 Nf6 2. c4 e6 3. Nc3 Bb4 4. e3 O-O 5. Nge2 d5 6. a3 Be7 7. Ng3 b6 8. Bd3 {E46: Nimzo-Indian: Rubinstein: 4 e3 0-0 5 Ne2 without early Bd3} (8. Be2 Re8 9. O-O Bb7 10. cxd5 exd5 11. b4 Nbd7 12. Qb3 Rb8 13. Bf3 Nf8 14. Nf5 c5 15. Nxe7+ Qxe7 16. Nxd5 Nxd5 17. Bxd5 Bxd5 18. Qxd5 {0-1 (75) Fier,A (2493)-Beerdsen,T (2483) Amsterdam 2017}) 8... dxc4 9. Bxc4 c5 10. dxc5 {The position is equal.} (10. Qf3 $5 {[%cal Rf3a8]} Ba6 11. Qxa8 Bxc4 12. Qb7 $11 (12. Qxa7 Nc6 $11)) 10... Qxd1+ 11. Nxd1 Bxc5 $146 ({Predecessor:} 11... bxc5 12. Nc3 Nc6 13. O-O Na5 14. Ba2 Rd8 15. f3 Rb8 {0-1 (35) Janus,P (2126)-Strzemiecki,Z (2367) Krakow 2010}) 12. O-O Ba6 13. Bxa6 Nxa6 14. b4 Be7 15. Nc3 {[%cal Bd1c3,Bc3b5,Bb5d4][%mdl 32]} Rfd8 16. Nb5 Nd5 17. Bb2 Nac7 18. Nd4 Bf6 19. Nge2 Nb5 20. Nxb5 {[#] Hoping for Bxf6.} Bxb2 21. Ra2 a6 22. Rxb2 {aiming for Nbd4.} axb5 23. Rb3 e5 24. g3 Rac8 25. Rd1 (25. Rd3 $5 {[%cal Rf1d1]} Nf6 26. Rxd8+ Rxd8 27. Nc3 $14) 25... e4 (25... Nf6 $1 $11 {keeps the balance.} 26. Rxd8+ Rxd8) 26. Rb2 $36 {[%mdl 2048] Black is under strong pressure.} Ra8 $2 {[%mdl 8192]} (26... Nf6 $16 27. Rbd2 Rxd2 28. Rxd2 g6) 27. Rbd2 $18 Rxa3 {and the idea ...Rd3 leaves Black hopeful.} 28. Rxd5 Rxd5 29. Rxd5 {[%cal Rd5d8][%mdl 4096] [#] Endgame KRN-KR} g6 30. Rxb5 Ra1+ 31. Kg2 Ra6 32. Nc3 f5 33. Nd5 Kf7 34. Rxb6 Rxb6 35. Nxb6 {KN-KP} Ke6 36. Nc4 Kd7 37. f3 exf3+ 38. Kxf3 {KN-K3P} Kc6 39. Ne5+ (39. Kf4 $142 Kd5 40. b5 h5 41. Kg5 Kxc4 42. b6 Kd3 43. Kxg6 Ke2 44. Kxf5 Kxe3 45. b7) 39... Kb5 40. Nd3 (40. Kf4 $142 Kxb4 41. Nxg6 Kc5 42. Kxf5 Kc6 43. e4 Kc7 44. Kf6 Kd8 45. Nf8) 40... h6 41. e4 {White mates.} fxe4+ 42. Kxe4 {KN-KPP} Kc4 43. g4 h5 44. gxh5 gxh5 {KN-KP} 45. Kf5 h4 46. Kg4 h3 47. Kxh3 Kb5 48. Kg4 Kc6 49. h4 Kd5 50. h5 Ke6 51. b5 Kd6 52. h6 Kc7 53. h7 Kb6 54. h8=Q Kxb5 55. Qc8 Kb6 56. Kf4 Ka7 {Precision: White = 66%, Black = 24%.} 1-0

[Event "20th Iraklio Open 2017"]
[Site "Athens"]
[Date "2017.06.18"]
[Round "2"]
[White "Katopodis, Dimitrios"]
[Black "Samartzis, Mihail"]
[Result "1-0"]
[WhiteElo "2169"]
[BlackElo "1896"]
[Annotator "TA"]
[PlyCount "59"]
[EventDate "2017.??.??"]
[EventType "swiss"]
[EventCountry "GRE"]
[SourceTitle "playchess.com"]
[Source "ChessBase"]
[SourceQuality "1"]

{[%evp 17,59,35,45,36,42,38,90,46,45,35,81,10,10,26,20,20,19,19,29,29,29,29,41,42,49,41,35,45,46,38,39,29,62,70,58,56,350,273,399,396,1266,1220,29992,29993]} 1. d4 d5 2. Nf3 c6 3. c4 dxc4 4. e3 Bg4 5. Bxc4 e6 6. Nc3 Nd7 7. O-O Ngf6 8. Be2 {D25: Queen's Gambit Accepted: 4 e3: sidelines and 4...Bg4} (8. h3 Bh5 9. Be2 Be7 {½-½ (9) Romanishin,O (2519)-Epishin,V (2611) Di Roseto 2010}) 8... Be7 9. e4 O-O {LiveBook: 8 Games} 10. Bf4 {White is slightly better.} a6 $146 ({Predecessor:} 10... Qb6 11. Qd2 Bb4 12. e5 Nd5 13. a3 Be7 14. Nxd5 cxd5 15. Rac1 Rfc8 {0-1 (76) Li,Y (1916)-Huang,Q (2473) China 2015}) 11. Qc2 (11. h3 $5 {[%cal Rh3g4]} Bh5 12. Rc1 $14) 11... b5 ({Black should try} 11... Rc8 $14) 12. Rad1 Qb6 13. Be3 Qb7 {[#]} 14. Bg5 (14. h3 $1 $16 {[%cal Rh3g4]} Bh5 15. g4) 14... h6 $11 15. Bh4 Rfe8 16. e5 Nd5 17. Bxe7 Nxc3 18. Qxc3 {[#] Hoping for Bd6.} Rxe7 19. h3 Bh5 20. g4 Bg6 21. Nh4 $36 {[%mdl 2048] White has good play.} Bh7 22. f4 Nb6 23. f5 Nd5 24. Qc1 exf5 25. gxf5 Qb6 {Threatens to win with ...Rxe5.} 26. Kh1 {Strongly threatening Rg1.} (26. Rf2 $5 {[%cal Rf5f6]}) 26... Ree8 $2 {[%mdl 8192]} (26... f6 $1 $14) 27. f6 Nxf6 (27... Qd8 {is a better defense.} 28. Bd3 (28. Qxc6 Re6 $11) 28... g5 29. Bxh7+ Kxh7) 28. Rxf6 $18 gxf6 $2 (28... Re6 29. Rf4 Rd8) 29. Qxh6 Be4+ 30. Bf3 {Precision: White = 60%, Black = 26%.} 1-0

[Event "20th Iraklio Open 2017"]
[Site "Athens"]
[Date "2017.06.18"]
[Round "2"]
[White "Loutragotis, Dimitrios"]
[Black "Chantzopoulos, Theodoros"]
[Result "1-0"]
[WhiteElo "2143"]
[BlackElo "1569"]
[Annotator "TA"]
[PlyCount "50"]
[EventDate "2017.??.??"]
[EventType "swiss"]
[EventCountry "GRE"]
[SourceTitle "playchess.com"]
[Source "ChessBase"]
[SourceQuality "1"]

{[%evp 15,50,-5,14,2,57,15,70,22,40,43,58,50,107,87,95,95,97,84,161,137,247,250,252,242,252,245,314,305,313,313,5895,5916,29986,1947,1873,1819,29991]} 1. e4 e6 2. d4 d5 3. Nc3 Nf6 4. Bg5 dxe4 5. Nxe4 Be7 6. Bxf6 gxf6 7. Nf3 f5 8. Ned2 a6 {LiveBook: 4 Games. C13: French: Classical System: 4 Bg5 Be7, Alekhine-Chatard Attack} (8... c5 9. dxc5 Qa5 10. g3 Qxc5 11. Bg2 Qb5 12. Qc1 Bf6 13. Rb1 Bd7 14. c4 Qa4 15. O-O Qxa2 16. c5 O-O 17. b4 a5 18. b5 a4 19. Nc4 a3 {0-1 (19) Horvath,A (2536)-Gupta,A (2638) Abu Dhabi 2014}) 9. c3 b5 ({Black should try} 9... Nd7 $11) 10. Ne5 Bf6 $146 (10... c5 $11) ({Predecessor:} 10... Bb7 11. Qh5 Rf8 12. Be2 Nd7 13. Nxd7 Qxd7 14. Bf3 Bxf3 15. Nxf3 Bf6 {1-0 (32) Meister,J (2519)-Breutigam,M (2403) Altenkirchen 2005}) 11. Qh5 {[%csl Ge5][%cal Rh5f7] [#]} (11. Qf3 $5 {[%cal Rf3a8]} Ra7 12. a4 $14) 11... Qe7 12. Be2 Bb7 13. Bf3 Bxf3 (13... c5 $14) 14. Ndxf3 Nd7 15. Nxd7 Qxd7 16. O-O $36 {[%mdl 2048] White is on the roll.} O-O-O (16... Kf8 $16 {was worth a try.}) 17. a4 $18 Kb7 (17... b4 $16) 18. Qh6 Qe7 19. axb5 axb5 20. Ra5 Rdg8 21. Rxb5+ Kc6 22. Rc5+ Kd6 $2 {[#]} (22... Kd7 23. Ra1 Ra8) 23. Qf4+ e5 24. Nxe5 (24. dxe5+ $142 Kxc5 25. Qb4+ Kc6 26. Qa4+ Kc5 27. Qa6 Rxg2+ 28. Kxg2 Rg8+ 29. Kh1) 24... Bxe5 25. dxe5+ Kd7 {Precision: White = 64%, Black = 11%.} 1-0

[Event "20th Iraklio Open 2017"]
[Site "Athens"]
[Date "2017.06.18"]
[Round "2"]
[White "Hrisanthopoulos, Dimitrios"]
[Black "Sonis, Francesco"]
[Result "0-1"]
[WhiteElo "2023"]
[BlackElo "2450"]
[Annotator "TA"]
[PlyCount "88"]
[EventDate "2017.??.??"]
[EventType "swiss"]
[EventCountry "GRE"]
[SourceTitle "playchess.com"]
[Source "ChessBase"]
[SourceQuality "1"]

{[%evp 23,88,12,3,-82,-79,-77,-106,-105,-119,-122,-118,-135,-114,-93,-102,-146,-141,-165,-67,-122,-121,-118,-93,-113,-111,-118,-132,-144,-145,-197,-140,-183,-124,-179,-171,-176,-147,-173,-106,-217,-127,-263,-262,-228,-231,-292,-277,-545,-523,-629,-587,-701,-725,-954,-951,-934,-922,-908,-892,-949,-869,-1521,-1513,-1493,-1439,-1350,-1355]} 1. e4 c5 2. Nf3 d6 3. d4 cxd4 4. Nxd4 Nf6 5. Nc3 a6 6. Bg5 e6 7. f4 h6 8. Bh4 Be7 9. Qf3 Qc7 10. O-O-O Nbd7 11. g4 g5 12. fxg5 Ne5 {LiveBook: 16 Games} 13. Qe2 {B99: Sicilian Najdorf: 6 Bg5 e6 7 f4 Be7 8 Qf3 Qc7 9 0-0-0 Nbd7} (13. Qg3 $1 $11 {remains equal.} Nfxg4 14. gxh6) 13... Nfxg4 $17 14. Kb1 $146 ({Predecessor:} 14. Nf3 Nxf3 15. Qxf3 hxg5 16. Bg3 Ne5 17. Bxe5 dxe5 18. Bh3 Bd7 19. Bg4 Rh7 20. Rd3 O-O-O {0-1 (42) Milosevic,B (2339)-Arsovic,G (2427) Smederevska Palanka 2016}) 14... hxg5 15. Bg3 {Black is better.} b5 16. a3 Bb7 17. Bg2 Qc4 18. Qe1 Rc8 19. h3 Nf6 20. Nf3 Nfd7 (20... Nxf3 $19 21. Bxf3 b4 22. axb4 Qxb4) 21. Rf1 (21. h4 $15) 21... Qc7 22. Nxe5 dxe5 23. Qf2 Rh7 24. Rd3 Qc5 25. Qd2 {[#]} Nb6 $1 26. Bf2 (26. b3 $17) 26... Nc4 $19 27. Qc1 {[#]} Qc7 (27... Qc6 $1 $19 28. Nd1 f5) 28. Rfd1 (28. Rg1 $17) 28... Bc6 29. Rg3 f6 30. Bf1 Nd6 (30... Rb8 $19 31. Bd3 Kf7) 31. Bg2 (31. Bd3 $17 {is a better defense.}) 31... Qb7 (31... a5 $19 {Hoping for ...b4.} 32. Bc5 Kf8) 32. Rgd3 (32. Bc5 $17 Nc4 33. Bxe7 Qxe7 34. Bf1) 32... Nxe4 33. Bxe4 Bxe4 34. Rd7 Qc6 35. Qe3 $2 (35. Nxe4 {might work better.} Qxe4 36. R7d3) 35... Bf5 {Black is clearly winning.} 36. Qa7 Bc5 37. Rxh7 {[%csl Gh7][%cal Ra7f7]} Bxa7 38. Rh8+ Kf7 39. Rxc8 Qxc8 40. Bxa7 a5 {[%cal Ba6a5,Ba5b4][%mdl 32]} 41. Rd2 b4 42. axb4 axb4 43. Nb5 Qa6 {And now ...b3 would win.} 44. Nd6+ Kg6 {Precision: White = 34%, Black = 65%.} 0-1

[Event "20th Iraklio Open 2017"]
[Site "Athens"]
[Date "2017.06.18"]
[Round "2"]
[White "Sienczewski, Zbigniew"]
[Black "Kotrotsos, Vasilios"]
[Result "0-1"]
[WhiteElo "1911"]
[BlackElo "2269"]
[Annotator "TA"]
[PlyCount "167"]
[EventDate "2017.??.??"]
[EventType "swiss"]
[EventCountry "GRE"]
[SourceTitle "playchess.com"]
[Source "ChessBase"]
[SourceQuality "1"]

{[%evp 21,167,20,24,18,46,23,46,44,43,31,31,36,25,16,0,-21,-13,-16,-16,-37,-27,-42,0,-18,0,-41,-39,-104,-105,-140,9,-381,-375,-393,-394,-526,-425,-534,-483,-514,-505,-510,-503,-478,-464,-463,-416,-402,-401,-527,-315,-435,-429,-428,-456,-415,-441,-591,-579,-603,-584,-534,-494,-481,-470,-446,0,0,0,0,0,0,0,0,0,0,0,0,0,0,0,0,0,0,0,0,0,0,0,0,0,0,0,0,29,66,36,38,55,0,0,0,0,0,0,0,0,0,0,0,0,0,0,0,0,-28,0,0,0,0,0,0,0,0,0,-485,-317,-317,6406,0,0,-172,-206,-1277,-1181,-29981,-29982,-29982,-29983,-29990,-29984,-29984,-29985,-29985,-29986,-29991,-29988,-29993]} 1. Nf3 f5 2. g3 Nf6 3. Bg2 g6 4. d4 Bg7 5. c4 d6 6. O-O O-O 7. Nc3 Qe8 8. d5 Na6 9. Rb1 c6 10. b3 Bd7 11. Bb2 Nc7 12. Qd2 {A88: Dutch Defence: Leningrad System: 5 Nf3 0-0 6 0-0 d6 7 Nc3 c6} h6 13. e3 g5 14. Nd4 {White is slightly better.} c5 15. Nde2 $146 (15. Ne6 $5 Bxe6 16. dxe6 $14) ({Predecessor:} 15. Ne6 Nxe6 16. dxe6 Bxe6 17. Bxb7 Rb8 18. Bg2 Bc8 19. f4 Qg6 {1-0 (56) Keatinge Clay,A (2287)-Galyas,M (2440) Budapest 2000}) 15... b5 16. cxb5 Nxb5 17. Nxb5 Bxb5 18. Rfd1 Qh5 19. Nc3 Ba6 20. h3 Rab8 21. Qc2 Ra8 22. Qd2 Rab8 23. Qc2 Nd7 $36 {[%mdl 2048] Black fights for an advantage.} 24. f4 {[#]} (24. Na4 $15) 24... gxf4 $1 $17 25. gxf4 Rf6 (25... Kf7 $17 26. Kh2 Rg8) 26. Qf2 $2 {[%mdl 8192]} (26. Kh2 $1 $11 {and White is okay.}) 26... Rg6 $19 27. Kh2 Nf6 28. Qf3 {Qxh5 would now be nice for White.} Qh4 29. Rd2 {[#]} Rg3 $1 {[%mdl 512]} 30. Qxg3 Ng4+ $1 31. Qxg4 fxg4 32. Ne4 Bxb2 33. Rbxb2 Qe1 34. hxg4 Qxe3 35. Rf2 Bd3 36. Ng3 c4 37. bxc4 Rxb2 38. Rxb2 Qxf4 39. Rb7 Qxg4 40. Bh3 Qf4 41. Be6+ Kf8 42. Kg2 {Hoping for Rb8+.} Qd2+ 43. Kh3 Qxa2 $2 ({Better is} 43... a5 $19 44. Rc7 a4) 44. Rb8+ $11 Kg7 45. Nh5+ Kh7 46. Rf8 $1 Qa1 (46... Qxc4 $5 {[%cal Rd3f1]} 47. Rf7+ Kh8 48. Rf8+ Kh7 49. Rf7+ Kh8 50. Rf8+ Kh7 $11) 47. Rf7+ Kh8 48. Rf8+ Kh7 49. Rf7+ Kg6 50. Nf4+ Kg5 {( -> ...Be4)} 51. Nxd3 Qh1+ 52. Kg3 {White wants to mate with Rf5+.} h5 53. Rf5+ Kh6 54. Nf4 Qe1+ 55. Kh3 Qh1+ 56. Kg3 Qg1+ 57. Kf3 Qg4+ 58. Ke4 {Threatens to win with Rf6+.} Qg1 $1 59. Rxh5+ Kg7 60. Rh3 ({White should try} 60. Kf5 $14 Qa1 61. Rg5+ Kh7 62. Kg4 Qg1+ 63. Kh5 Qh1+ 64. Kg4 Qg1+ 65. Kh5 Qh1+ 66. Kg4 Qg1+) 60... Qb1+ 61. Kf3 a5 62. Nh5+ Kg6 {White should prevent ...a4.} 63. Ng3 {aiming for Bf5+.} Qd1+ 64. Kf4 Qc1+ 65. Kf3 a4 66. Ne4 Qd1+ 67. Kf4 Qf1+ 68. Ke3 Qe1+ 69. Kf4 Qc1+ 70. Kg4 a3 71. Bf5+ Kg7 72. Rh7+ Kg8 {White must now prevent ...a2.} 73. Ng5 $2 {[%mdl 8192]} (73. Rxe7 $11 {and White has nothing to worry.} Qd1+ 74. Kg5) 73... Qg1+ 74. Kh5 Qd4 $4 {[%mdl 8192]} ({Avoid the trap} 74... a2 $2 75. Be6+ Kf8 76. Rh8+ Kg7 77. Rg8+ Kf6 78. Nh7+ Ke5 79. Rxg1 $18) (74... Qh2+ $19 75. Kg6 {[#]} Qxh7+ $1 {[%mdl 512]} 76. Nxh7 a2 77. Be6+ Kh8) 75. Be6+ $2 (75. Rxe7 $18 {White threatens Re8+ and mate.} Qf6 76. Re8+ Kg7 77. Ne6+ Kf7 78. Rf8+ Ke7 79. Rxf6 Kxf6 80. Bb1) 75... Kf8 76. Rf7+ $2 (76. c5 $11 a2 77. cxd6 Qd1+ 78. Kg6 Qb1+ 79. Bf5 exd6 80. Rh8+ Ke7 81. Rh7+ Kf8 82. Rh8+ Ke7 83. Rh7+ Kd8 84. Ra7) 76... Ke8 $19 77. Nf3 $2 (77. c5 dxc5 78. Rh7 Qd1+ 79. Kh6 Qh1+ 80. Kg6 Qb1+ 81. Kh6) 77... Qh8+ 78. Kg6 a2 {Black mates.} 79. Rg7 a1=Q {[%csl Ge7][%cal Ra1f6]} 80. Bf7+ Kd8 {[%csl Ge7][%cal Ra1f6]} 81. Rg8+ Qxg8+ 82. Bxg8 Qf6+ 83. Kh7 Qxf3 84. Be6 {Precision: White = 44%, Black = 54%.} 0-1

[Event "20th Iraklio Open 2017"]
[Site "Athens"]
[Date "2017.06.18"]
[Round "2"]
[White "Bourhas, Orfeas"]
[Black "Skaperdas, Kostantinos"]
[Result "0-1"]
[WhiteElo "1752"]
[BlackElo "2191"]
[Annotator "TA"]
[PlyCount "48"]
[EventDate "2017.??.??"]
[EventType "swiss"]
[EventCountry "GRE"]
[SourceTitle "playchess.com"]
[Source "ChessBase"]
[SourceQuality "1"]

{[%evp 9,48,-7,0,-6,17,-37,-37,-48,-2,-43,-39,-68,-69,-70,-65,-74,-60,-92,-89,-81,-99,-102,-97,-106,-113,-125,-118,-133,-100,-109,-60,-129,-140,-164,-172,-161,-113,-133,-135,-347,-194]} 1. d4 e6 2. c4 d5 3. Nc3 Bb4 4. Qc2 dxc4 (4... Nf6 5. a3 Bxc3+ 6. Qxc3 O-O 7. Bg5 h6 8. Bxf6 Qxf6 9. Nf3 c6 10. e3 Nd7 11. Rc1 a5 12. Bd3 Re8 13. O-O dxc4 14. Qxc4 e5 15. Bb1 {1-0 (46) Bu,X (2664)-Zhao,X (2553) Biel 2013}) 5. e3 b5 6. Bd2 {D31: Queen's Gambit Declined: Semi-Slav without ...Nf6 (+ Marshall Gambit and Noteboom) and Exchange Variation lines without ...Nf6} c6 7. g3 $146 (7. a4 $11) ({Predecessor:} 7. a4 Bxc3 8. Qxc3 Nf6 9. b3 Ne4 10. Qb4 Na6 11. Qa5 Nxd2 12. Qxd8+ Kxd8 13. Kxd2 cxb3 14. axb5 cxb5 15. Bxb5 {½-½ (60) Demko,R (1644)-Bartosek,I (1827) Vsetin 2015}) 7... Nf6 $15 8. Bg2 {Black is slightly better.} Nd5 9. Nge2 Be7 10. a3 O-O 11. O-O $1 Nd7 12. e4 Nxc3 13. Qxc3 Nb6 14. Rfd1 a5 15. Qc2 Bb7 16. Nf4 Qc7 17. Be3 Rfd8 18. Qe2 Nd7 {[%cal Bb6d7,Bd7f8,Bf8g6][%mdl 32]} 19. e5 Nf8 20. Qf3 ({White should play} 20. a4 $15) 20... Rab8 $17 21. Qg4 c5 22. Bxb7 {[#] Hoping for Bg2.} Rxb7 23. Nh5 {[%csl Gh5][%cal Rg4g7]} Ng6 24. f4 $2 (24. dxc5 $17 Rc8 25. Rd6) 24... Rbb8 {Precision: White = 28%, Black = 70%.} (24... cxd4 $142 25. Rxd4 Rxd4 26. Bxd4 Qc6) 0-1

[Event "20th Iraklio Open 2017"]
[Site "Athens"]
[Date "2017.06.18"]
[Round "2"]
[White "Papadopoulos, Dimitrios Ath"]
[Black "Kordis, Konstantinos"]
[Result "0-1"]
[WhiteElo "1487"]
[BlackElo "2149"]
[Annotator "TA"]
[PlyCount "46"]
[EventDate "2017.??.??"]
[EventType "swiss"]
[EventCountry "GRE"]
[SourceTitle "playchess.com"]
[Source "ChessBase"]
[SourceQuality "1"]

{[%evp 9,46,12,53,-28,-25,-98,-101,-175,-138,-296,-292,-286,-286,-277,-267,-289,-250,-376,-274,-447,-422,-459,-471,-628,-595,-721,-591,-721,-734,-1091,-1064,-1441,-1197,-1575,-1563,-1545,-1502,-1972,-1939]} 1. d4 d5 {[%cal Bd7d5,Bd5d4][%mdl 32]} 2. Nf3 e6 3. c4 c5 4. Nc3 cxd4 5. Nxd4 e5 {LiveBook: 8 Games} (5... dxc4 6. Bf4 a6 7. Qa4+ Bd7 8. Qxc4 b5 9. Qd3 Nc6 10. Rd1 Nf6 11. Nb3 Be7 12. e4 O-O 13. Be2 {½-½ (63) Atabayev,S (2422)-Lesovoi,E (2333) Moscow 2017}) 6. Nc2 {D32: Tarrasch Defence: Sidelines and lines without g3} ({Avoid the trap} 6. Nxd5 $2 exd4 7. Qxd4 Nc6 $19) (6. Ndb5 $1 $14) 6... d4 $11 7. Nb1 $146 (7. Nd5 $11 {remains equal.}) ({Predecessor:} 7. Nd5 Nf6 8. Bg5 Be7 9. Bxf6 Bxf6 10. e4 O-O 11. Bd3 Nd7 12. b4 a5 13. a3 {0-1 (47) Ziese,G (1952)-Kierzek,M (2230) Berlin 2014}) 7... Bf5 $17 8. f3 (8. Nd2 $17) 8... Nf6 {[%cal Bg8f6,Bf6e4,Be4d2][%mdl 32]} 9. e4 $2 {[#]} (9. Bg5 $17) 9... Nxe4 $1 $19 {[%mdl 512] Hoping for ...Qh4+.} 10. g3 (10. fxe4 Qh4+) 10... Qa5+ 11. Bd2 Nxd2 12. Qxd2 Qb6 13. b3 (13. Bd3 $142 Bxd3 14. Qxd3) 13... Qg6 14. Kd1 $2 (14. Nba3 {only move.}) 14... h5 {Black is clearly winning.} 15. a3 Be7 16. Bg2 O-O 17. Rf1 Nc6 {[%cal Bb8c6,Bc6a5,Ba5b3][%mdl 32]} 18. Kc1 Rac8 19. Qd1 Na5 20. Nd2 {[#]} b5 $1 {[%cal Bb7b5,Bb5c4,Bc4b3][%mdl 544]} 21. f4 (21. cxb5 Bxc2) 21... bxc4 22. b4 Nb3+ 23. Nxb3 cxb3 {Precision: White = 14%, Black = 83%.} 0-1